• 首页
  • 本馆介绍
  • 公告通知
  • 最新文献
  • 馆藏检索
  • 电子资源
  • 读者导购
  • 参考咨询
  • 我的图书馆
  • 登录
  • 详细信息显示
  • 放入我的书架
  • 预约/预借图书
  • 作者相关作品
  • 分类相关作品
  • 丛书相关作品
  • 出版社相关作品

书目信息

  • 表格格式
  • 工作单格式
  • 卡片格式
题名:
工业经济管理
    
 
作者: 史景星 主编
分册:  
出版信息: 上海   上海人民出版社  1986
页数: 638页
开本: 20cm
丛书名:
单 册:
中图分类: F40
科图分类:
主题词: 工业管理--干部教育--教材
电子资源:
ISBN:
000 00639nam0 2200241 45
001 0186000709
005 20060809172205.56
010    @dCNY3.70
091    @aCN@b4074.518
100    @a19960424d1986 em y0chiy0121 ea
101 0  @achi
102    @aCN@b310000
105    @ay z 000yy
200 10 @a工业经济管理@Agong ye jing ji guan li@f史景星主编
205    @a2版(修订本)
210    @a上海@c上海人民出版社@d1986
215    @a638页@d20cm
300    @a经济管理干部培训教材
606    @a工业管理@x干部教育@x教材
690    @aF40@v3
701  0 @a史景星@Ashi jing xing@4主编
801  0 @aCN@bTSSF@c20060809
905    @a10447@dF40@e156
    
    工业经济管理/史景星主编.-2版(修订本).-上海:上海人民出版社,1986
    638页;20cm
    经济管理干部培训教材
    
    ISBN :CNY3.70
    
●
相关链接 在E读中查询图书 在五车中查询图书 在当当中查询图书 在豆瓣中查询图书


正题名:工业经济管理     索取号:F40/156         预约/预借

序号 登录号 条形码 馆藏地/架位号 状态 备注
1 0448169   204481694   密集书库/ [索取号:F40/156] 在馆    
2 0448170   204481701   密集书库/ [索取号:F40/156] 在馆    
3 0448171   204481710   密集书库/ [索取号:F40/156] 在馆    
唐山师范学院图书馆 欢迎您!
大连网信软件有限公司© 版权所有